Fihris makhtụ̄tạ̄t Dār al-Kutub al-Zạ̄hirīyah : al-Fiqh al-Shāfiʻī /

محفوظ في:

مؤلف مشترك: Dār al-Kutub al-Ẓāhirīyah.

مؤلفون آخرون: Daqr, ʻAbd al-Ghanī.

التنسيق: كتاب

اللغة: Arabic

منشور في: Dimashq : Majmaʻ al-Lughah al-ʻArabīyah bi-Dimashq, 1963.

سلاسل: Matḅūʻāt al-Majmaʻ al-ʻIlmī al-ʻArabī bi-Dimashq.

الموضوعات:

الوسوم: إضافة وسم

لا توجد وسوم, كن أول من يضع وسما على هذه التسجيلة!

رقم الطلب: Z6621 .D3 A6337 1963

LEADER 01038nam a22002537a 4500
003 OSt
005 20240404093549.0
008 240228s1963 sy c 001 0 arar
999 |c 57122  |d 57122 
040 |c ARCE Library 
043 |a a-sy--- 
050 0 |a Z6621 .D3 A6337 1963 
110 2 |6 880-01  |a Dār al-Kutub al-Ẓāhirīyah. 
245 1 0 |6 880-02  |a Fihris makhtụ̄tạ̄t Dār al-Kutub al-Zạ̄hirīyah :   |b al-Fiqh al-Shāfiʻī /   |c waḍaʻahu ʻAbd al-Ghanī al-Daqir. 
260 |6 880-03  |a Dimashq :  |b Majmaʻ al-Lughah al-ʻArabīyah bi-Dimashq,  |c 1963. 
300 |a 355 p. ;   |c 24 cm. 
490 0 |a Matḅūʻāt al-Majmaʻ al-ʻIlmī al-ʻArabī bi-Dimashq. 
610 2 0 |a Dār al-Kutub al-Ẓāhirīyah  |v Catalogs. 
650 0 |a Manuscripts, Arabic  |z Syria  |z Damascus  |v Catalogs. 
700 1 |a Daqr, ʻAbd al-Ghanī.  
880 2 |6 110-01/(3/r  |a دار الكتب الظاهرية 
880 1 0 |6 245-02/(3/r  |a فهرس مخطوطات دار الكتب الظاهرية :   |b الفقه الشافعي 
901 |a reviewed 
942 |2 lcc  |c BK